000 00446nam a2200181Ia 4500
001 9814
005 20260306161746.0
008 260306t1996||||xx |||||||||||||| ||spa||
041 _aESP
082 _a465
_bG28 1996 ej. 1
100 _aGatti Murriel, Carlos
_eAUT
245 0 _aElementos de gramática española texto impreso
260 _c1996
300 _a145 páginas :
_c
650 _aGEN
654 _aCHU
942 _cLIB
_dJUS
_fJUS
_2ddc
_n
999 _c9814
_d9814